[Event "Fredericia IM 2019"]
[Site "Fredericia"]
[Date "2019.06.01"]
[Round "7.3"]
[White "Olsen, Filip Boe"]
[Black "Fries-Nielsen, Niels Jorgen"]
[Result "1/2-1/2"]
[WhiteElo "2394"]
[BlackElo "2328"]
[Annotator "ChessBase"]
[PlyCount "119"]
[EventDate "2019.05.29"]
[EventType "tourn"]
[EventCountry "DEN"]
[SourceTitle "playchess.com"]
[Source "ChessBase"]
[SourceQuality "1"]
[TimeControl "40/5400+30:1800+30"]

1. d4 {[%emt 0:00:00]} d6 {[%emt 0:04:03]} 2. Nf3 {[%emt 0:00:33]} Nf6 {[%emt 0:01:45]} 3. c4 {[%emt 0:00:40]} Nbd7 {[%emt 0:03:30]} 4. Nc3 {[%emt 0:04:46]} e5 {[%emt 0:02:38]} 5. e4 {[%emt 0:02:50]} Be7 {[%emt 0:00:40]} 6. Be2 {[%emt 0:01:28]} O-O {[%emt 0:00:45]} 7. O-O {[%emt 0:00:10]} Re8 {[%emt 0:02:05]} 8. Qc2 {[%emt 0:05:38]} c6 {[%emt 0:06:54]} 9. h3 {[%emt 0:04:51]} Qc7 {[%emt 0:03:31]} 10. Be3 {[%emt 0:00:41]} Bf8 {[%emt 0:02:00]} 11. a3 {[%emt 0:03:04]} a6 {[%emt 0:05:26]} 12. Rfd1 {[%emt 0:03:22]} b6 {[%emt 0:08:34]} 13. Rac1 {[%emt 0:05:45]} Bb7 {[%emt 0:02:11]} 14. dxe5 {[%emt 0:13:20]} dxe5 {[%emt 0:06:01]} 15. Na4 {[%emt 0:04:09]} Rad8 {[%emt 0:12:37]} 16. Nd2 {[%emt 0:04:22]} Rb8 {[%emt 0:04:01]} 17. c5 {[%emt 0:05:26]} b5 {[%emt 0:03:03]} 18. Nb6 {[%emt 0:00:42]} Be7 {[%emt 0:02:02]} 19. b4 {[%emt 0:02:41]} Nf8 {[%emt 0:00:42]} 20. Nf3 {[%emt 0:03:56]} Rbd8 {[%emt 0:01:19]} 21. Bd2 {[%emt 0:03:14]} Ng6 {[%emt 0:02:53]} 22. a4 {[%emt 0:03:53]} Bc8 {[%emt 0:02:58]} 23. axb5 {[%emt 0:04:03]} axb5 {[%emt 0:01:40]} 24. Ra1 {[%emt 0:01:08]} Nd7 {[%emt 0:01:42]} 25. Be3 {[%emt 0:04:40]} Ndf8 {[%emt 0:00:23]} 26. Rdc1 {[%emt 0:02:41]} Ne6 {[%emt 0:01:05]} 27. Ra8 {[%emt 0:01:37]} Bb7 {[%emt 0:06:19]} 28. Rxd8 {[%emt 0:06:04]} Rxd8 {[%emt 0:00:12]} 29. Rd1 {[%emt 0:00:21]} Nef4 {[%emt 0:05:50]} 30. Bf1 {[%emt 0:00:37]} Ne6 {[%emt 0:00:53]} 31. g3 {[%emt 0:02:03]} Bf6 {[%emt 0:02:15]} 32. h4 {[%emt 0:01:02]} Nd4 {[%emt 0:02:10]} 33. Nxd4 {[%emt 0:00:46]} exd4 {[%emt 0:00:01]} 34. Bc1 {[%emt 0:00:11]} Bc8 {[%emt 0:00:11]} 35. Nxc8 {[%emt 0:01:24]} Qxc8 {[%emt 0:00:47]} 36. h5 {[%emt 0:02:13]} Ne5 {[%emt 0:01:14]} 37. f4 {[%emt 0:00:55]} d3 {[%emt 0:01:26]} 38. Qb3 {[%emt 0:02:28]} Nf3+ {[%emt 0:00:51]} 39. Kf2 {[%emt 0:01:06]} Qg4 {[%emt 0:00:34]} 40. Rxd3 {[%emt 0:00:38]} Bd4+ {[%emt 0:01:17]} 41. Be3 {[%emt 0:01:35]} Bxe3+ {[%emt 0:01:49]} 42. Kxe3 {[%emt 0:01:17]} Nd4 {[%emt 0:00:16]} 43. Kf2 {[%emt 0:02:00]} Ne6 {[%emt 0:06:45]} 44. Rxd8+ {[%emt 0:02:04]} Nxd8 {[%emt 0:00:01]} 45. Be2 {[%emt 0:03:02]} Qd7 {[%emt 0:01:24]} 46. Qd3 {[%emt 0:00:34]} Qxd3 {[%emt 0:00:26]} 47. Bxd3 {[%emt 0:00:01]} h6 {[%emt 0:00:11]} 48. f5 {[%emt 0:04:14]} f6 {[%emt 0:02:00]} 49. Bc2 {[%emt 0:00:23]} Kf8 {[%emt 0:00:11]} 50. Bb3 {[%emt 0:00:07]} Ke7 {[%emt 0:00:05]} 51. Ke3 {[%emt 0:00:11]} Nf7 {[%emt 0:02:12]} 52. Bxf7 {[%emt 0:03:11]} Kxf7 {[%emt 0:01:20]} 53. Kf4 {[%emt 0:00:12]} Ke7 {[%emt 0:00:26]} 54. e5 {[%emt 0:00:18]} Kf7 {[%emt 0:00:00]} 55. exf6 {[%emt 0:00:10]} gxf6 {[%emt 0:00:00]} 56. Ke4 {[%emt 0:00:08]} Kg7 {[%emt 0:00:08]} 57. Kf4 {[%emt 0:00:04]} Kh7 {[%emt 0:00:06]} 58. Ke4 {[%emt 0:00:03]} Kg7 {[%emt 0:00:04]} 59. Kf4 {[%emt 0:00:04]} Kh7 {[%emt 0:00:03]} 60. Ke4 {[%emt 0:00:04]} 1/2-1/2

[Event "Fredericia IM 2019"]
[Site "Fredericia"]
[Date "2019.06.01"]
[Round "7.4"]
[White "Easwaralingam, Adesh"]
[Black "Jacobsen, Mikkel Manosri"]
[Result "0-1"]
[WhiteElo "2123"]
[BlackElo "2319"]
[Annotator "ChessBase"]
[PlyCount "92"]
[EventDate "2019.05.29"]
[EventType "tourn"]
[EventCountry "DEN"]
[SourceTitle "playchess.com"]
[Source "ChessBase"]
[SourceQuality "1"]
[TimeControl "40/5400+30:1800+30"]

1. e4 {[%emt 0:00:00]} c6 {[%emt 0:00:00]} 2. d4 {[%emt 0:00:00]} d5 {[%emt 0:00:00]} 3. Nc3 {[%emt 0:00:00]} dxe4 {[%emt 0:00:00]} 4. Nxe4 {[%emt 0:00:04]} Bf5 {[%emt 0:00:00]} 5. Ng3 {[%emt 0:00:13]} Bg6 {[%emt 0:00:00]} 6. h4 {[%emt 0:00:07]} h6 {[%emt 0:00:00]} 7. Nf3 {[%emt 0:00:07]} Nd7 {[%emt 0:00:00]} 8. h5 {[%emt 0:00:09]} Bh7 {[%emt 0:00:01]} 9. Bd3 {[%emt 0:00:18]} Bxd3 {[%emt 0:00:05]} 10. Qxd3 {[%emt 0:00:10]} e6 {[%emt 0:00:04]} 11. Bd2 {[%emt 0:00:16]} Ngf6 {[%emt 0:00:05]} 12. O-O-O {[%emt 0:00:23]} Be7 {[%emt 0:00:04]} 13. Kb1 {[%emt 0:00:13]} O-O {[%emt 0:00:04]} 14. Ne4 {[%emt 0:00:10]} Nxe4 {[%emt 0:00:03]} 15. Qxe4 {[%emt 0:00:10]} Nf6 {[%emt 0:00:02]} 16. Qe2 {[%emt 0:00:40]} Qd5 {[%emt 0:00:04]} 17. Ne5 {[%emt 0:00:34]} Qe4 {[%emt 0:00:59]} 18. Qxe4 {[%emt 0:00:15]} Nxe4 {[%emt 0:00:06]} 19. Be1 {[%emt 0:00:53]} Rfd8 {[%emt 0:07:51]} 20. f3 {[%emt 0:03:52]} Nf6 {[%emt 0:00:05]} 21. Bf2 {[%emt 0:09:50]} Bd6 {[%emt 0:01:13]} 22. Nc4 {[%emt 0:03:41]} Bc7 {[%emt 0:00:13]} 23. Bh4 {[%emt 0:00:49]} Rd5 {[%emt 0:03:26]} 24. Bxf6 {[%emt 0:01:48]} gxf6 {[%emt 0:00:04]} 25. Ne3 {[%emt 0:00:23]} Rd7 {[%emt 0:00:38]} 26. c3 {[%emt 0:03:05]} Kg7 {[%emt 0:03:21]} 27. Kc2 {[%emt 0:00:17]} Rg8 {[%emt 0:00:25]} 28. Rh4 {[%emt 0:02:17]} f5 {[%emt 0:01:00]} 29. g4 {[%emt 0:00:40]} Bf4 {[%emt 0:01:37]} 30. Nc4 {[%emt 0:02:28]} Kf6 {[%emt 0:04:02]} 31. Rg1 {[%emt 0:04:27]} Rd5 {[%emt 0:03:56]} 32. Rf1 {[%emt 0:06:02]} b5 {[%emt 0:09:39]} 33. Na5 {[%emt 0:04:57]} c5 {[%emt 0:01:52]} 34. dxc5 {[%emt 0:06:11]} Rxc5 {[%emt 0:00:16]} 35. Nb3 {[%emt 0:02:15]} Rd5 {[%emt 0:01:50]} 36. Nd4 {[%emt 0:00:11]} b4 {[%emt 0:01:03]} 37. Rhh1 {[%emt 0:04:35]} bxc3 {[%emt 0:01:15]} 38. bxc3 {[%emt 0:00:10]} Rc8 {[%emt 0:00:47]} 39. Rd1 {[%emt 0:02:11]} Be5 {[%emt 0:04:03]} 40. Ne2 {[%emt 0:00:15]} Rxd1 {[%emt 0:01:36]} 41. Rxd1 {[%emt 0:30:22]} fxg4 {[%emt 0:30:07]} 42. fxg4 {[%emt 0:02:36]} Kg5 {[%emt 0:00:14]} 43. Rg1 {[%emt 0:00:47]} Rc4 {[%emt 0:00:19]} 44. Kd3 {[%emt 0:03:46]} Rxg4 {[%emt 0:00:12]} 45. Rb1 {[%emt 0:00:38]} Ra4 {[%emt 0:00:45]} 46. Ng1 {[%emt 0:00:27]} Kg4 {[%emt 0:00:50] Kd4} 0-1

[Event "Fredericia IM 2019"]
[Site "Fredericia"]
[Date "2019.06.01"]
[Round "7.5"]
[White "Antonsen, Mikkel"]
[Black "Devereaux, Maxim L"]
[Result "0-1"]
[WhiteElo "2423"]
[BlackElo "2342"]
[Annotator "ChessBase"]
[PlyCount "72"]
[EventDate "2019.05.29"]
[EventType "tourn"]
[EventCountry "DEN"]
[SourceTitle "playchess.com"]
[Source "ChessBase"]
[SourceQuality "1"]
[TimeControl "40/5400+30:1800+30"]

1. d4 {[%emt 0:00:00]} d5 {[%emt 0:00:00]} 2. c4 {[%emt 0:00:00]} dxc4 {[%emt 0:00:00]} 3. Nf3 {[%emt 0:00:00]} Nf6 {[%emt 0:00:07]} 4. e3 {[%emt 0:00:00]} b5 {[%emt 0:00:16]} 5. a4 {[%emt 0:00:44]} b4 {[%emt 0:00:07]} 6. Bxc4 {[%emt 0:00:06]} e6 {[%emt 0:00:05]} 7. O-O {[%emt 0:00:08]} Bb7 {[%emt 0:00:15]} 8. Nbd2 {[%emt 0:05:31]} Nbd7 {[%emt 0:00:16]} 9. Qe2 {[%emt 0:00:18]} Be7 {[%emt 0:05:53]} 10. e4 {[%emt 0:02:10]} O-O {[%emt 0:01:17]} 11. e5 {[%emt 0:00:03]} Nd5 {[%emt 0:00:07]} 12. Ne4 {[%emt 0:00:04]} h6 {[%emt 0:00:26]} 13. Bd3 {[%emt 0:07:43]} Re8 {[%emt 0:33:59]} 14. Bd2 {[%emt 0:01:27]} c5 {[%emt 0:07:50]} 15. dxc5 {[%emt 0:03:22]} Bxc5 {[%emt 0:00:37]} 16. Rac1 {[%emt 0:03:37]} Bf8 {[%emt 0:06:53]} 17. Bb5 {[%emt 0:08:47]} a6 {[%emt 0:01:11]} 18. Bc6 {[%emt 0:00:03]} Bxc6 {[%emt 0:00:42]} 19. Rxc6 {[%emt 0:00:04]} Nb8 {[%emt 0:00:33]} 20. Rc4 {[%emt 0:03:45]} Qd7 {[%emt 0:01:50]} 21. b3 {[%emt 0:18:01]} Nc6 {[%emt 0:03:39]} 22. Rb1 {[%emt 0:00:05]} Rec8 {[%emt 0:03:13]} 23. Qd3 {[%emt 0:03:11]} Be7 {[%emt 0:07:44]} 24. Ng3 {[%emt 0:05:13]} Kh8 {[%emt 0:11:27]} 25. Nh5 {[%emt 0:03:45]} Bf8 {[%emt 0:01:09]} 26. Rh4 {[%emt 0:02:20]} Nf6 {[%emt 0:03:25]} 27. Qxd7 {[%emt 0:02:46]} Nxd7 {[%emt 0:00:07]} 28. Re4 {[%emt 0:00:18]} Nc5 {[%emt 0:02:28]} 29. Re3 {[%emt 0:06:19]} Rd8 {[%emt 0:01:12]} 30. Kf1 {[%emt 0:00:51]} Rac8 {[%emt 0:02:45]} 31. Ke2 {[%emt 0:02:28]} Nd4+ {[%emt 0:00:37]} 32. Nxd4 {[%emt 0:00:14]} Rxd4 {[%emt 0:00:03]} 33. Ng3 {[%emt 0:01:40]} Rcd8 {[%emt 0:00:26]} 34. Be1 {[%emt 0:01:22]} a5 {[%emt 0:00:47]} 35. Rc1 {[%emt 0:03:50]} Nd3 {[%emt 0:00:42]} 36. Rc7 {[%emt 0:00:17]} Nf4+ {[%emt 0:00:12]} 0-1

[Event "Fredericia IM 2019"]
[Site "Fredericia"]
[Date "2019.06.02"]
[Round "8.1"]
[White "Easwaralingam, Adesh"]
[Black "Sorensen, Hampus"]
[Result "1/2-1/2"]
[WhiteElo "2123"]
[BlackElo "2343"]
[Annotator "ChessBase"]
[PlyCount "66"]
[EventDate "2019.05.29"]
[EventType "tourn"]
[EventCountry "DEN"]
[SourceTitle "playchess.com"]
[Source "ChessBase"]
[SourceQuality "1"]
[TimeControl "40/5400+30:1800+30"]

1. e4 {[%emt 0:02:57]} e5 {[%emt 0:00:00]} 2. Nf3 {[%emt 0:00:07]} Nc6 {[%emt 0:00:17]} 3. Bc4 {[%emt 0:00:07]} Bc5 {[%emt 0:00:44]} 4. c3 {[%emt 0:00:18]} Nf6 {[%emt 0:00:30]} 5. d4 {[%emt 0:00:10]} exd4 {[%emt 0:00:34]} 6. e5 {[%emt 0:00:05]} d5 {[%emt 0:01:21]} 7. Bb5 {[%emt 0:00:09]} Ne4 {[%emt 0:01:02]} 8. cxd4 {[%emt 0:00:08]} Bb6 {[%emt 0:00:29]} 9. Nc3 {[%emt 0:00:39]} O-O {[%emt 0:00:54]} 10. Be3 {[%emt 0:00:24]} f5 {[%emt 0:04:39]} 11. exf6 {[%emt 0:14:28]} Nxc3 {[%emt 0:01:23]} 12. bxc3 {[%emt 0:01:31]} Qxf6 {[%emt 0:00:23]} 13. Qb3 {[%emt 0:08:36]} Qd6 {[%emt 0:08:57]} 14. Bxc6 {[%emt 0:09:41]} bxc6 {[%emt 0:07:23]} 15. Ne5 {[%emt 0:00:49]} c5 {[%emt 0:11:00]} 16. O-O {[%emt 0:03:40]} Be6 {[%emt 0:07:43]} 17. Rfe1 {[%emt 0:11:24]} c4 {[%emt 0:08:46]} 18. Qa4 {[%emt 0:06:51]} Rf5 {[%emt 0:05:36]} 19. g4 {[%emt 0:09:58]} Rff8 {[%emt 0:06:35]} 20. h3 {[%emt 0:03:52]} Rac8 {[%emt 0:04:52]} 21. f4 {[%emt 0:04:49]} g6 {[%emt 0:00:21]} 22. Qc2 {[%emt 0:01:06]} Rce8 {[%emt 0:05:59]} 23. a4 {[%emt 0:01:57]} c5 {[%emt 0:05:42]} 24. a5 {[%emt 0:04:16]} cxd4 {[%emt 0:00:23]} 25. cxd4 {[%emt 0:00:40]} Bc7 {[%emt 0:00:50]} 26. Rf1 {[%emt 0:02:03]} Bc8 {[%emt 0:01:43]} 27. Qg2 {[%emt 0:01:22]} Qd8 {[%emt 0:03:54]} 28. Bd2 {[%emt 0:02:18]} Bxe5 {[%emt 0:02:26]} 29. fxe5 {[%emt 0:00:04]} Rxf1+ {[%emt 0:01:13]} 30. Rxf1 {[%emt 0:00:07]} Rf8 {[%emt 0:00:12]} 31. Rxf8+ {[%emt 0:00:38]} Kxf8 {[%emt 0:00:09]} 32. Bb4+ {[%emt 0:00:03]} Kg7 {[%emt 0:01:44]} 33. Qf3 {[%emt 0:00:14]} a6 {[%emt 0:02:27]} 1/2-1/2

[Event "Fredericia IM 2019"]
[Site "Fredericia"]
[Date "2019.06.02"]
[Round "8.2"]
[White "Devereaux, Maxim L"]
[Black "Ahlander, Bjorn"]
[Result "0-1"]
[WhiteElo "2342"]
[BlackElo "2421"]
[Annotator "ChessBase"]
[PlyCount "68"]
[EventDate "2019.05.29"]
[EventType "tourn"]
[EventCountry "DEN"]
[SourceTitle "playchess.com"]
[Source "ChessBase"]
[SourceQuality "1"]
[TimeControl "40/5400+30:1800+30"]

1. e4 {[%emt 0:00:17]} c5 {[%emt 0:00:00]} 2. Nf3 {[%emt 0:00:06]} e6 {[%emt 0:00:00]} 3. d4 {[%emt 0:00:12]} cxd4 {[%emt 0:00:00]} 4. Nxd4 {[%emt 0:00:03]} a6 {[%emt 0:00:00]} 5. Bd3 {[%emt 0:01:03]} Bc5 {[%emt 0:00:13]} 6. Nb3 {[%emt 0:00:05]} Ba7 {[%emt 0:00:16]} 7. Nc3 {[%emt 0:02:23]} Nc6 {[%emt 0:00:08]} 8. Qe2 {[%emt 0:01:32]} d6 {[%emt 0:00:12]} 9. Be3 {[%emt 0:04:45]} Nf6 {[%emt 0:00:19]} 10. O-O-O {[%emt 0:03:13]} e5 {[%emt 0:03:18]} 11. f3 {[%emt 0:11:52]} b5 {[%emt 0:05:58]} 12. Kb1 {[%emt 0:05:23]} Be6 {[%emt 0:04:45]} 13. g4 {[%emt 0:05:05]} Bxe3 {[%emt 0:10:16]} 14. Qxe3 {[%emt 0:00:11]} O-O {[%emt 0:00:18]} 15. Nd5 {[%emt 0:11:58]} Bxd5 {[%emt 0:04:25]} 16. exd5 {[%emt 0:00:07]} Ne7 {[%emt 0:00:57]} 17. Qd2 {[%emt 0:10:35]} Ra7 {[%emt 0:07:11]} 18. Qf2 {[%emt 0:04:08]} Qb8 {[%emt 0:05:48]} 19. g5 {[%emt 0:18:40]} Nfxd5 {[%emt 0:01:59]} 20. Be4 {[%emt 0:00:28]} Nb6 {[%emt 0:01:07]} 21. Rhg1 {[%emt 0:01:30]} d5 {[%emt 0:10:53]} 22. Bd3 {[%emt 0:00:07]} Qd6 {[%emt 0:01:30]} 23. Qh4 {[%emt 0:03:34]} g6 {[%emt 0:14:08]} 24. f4 {[%emt 0:00:42]} Nc4 {[%emt 0:08:56]} 25. Bxc4 {[%emt 0:02:25]} bxc4 {[%emt 0:00:31]} 26. Nd2 {[%emt 0:01:30]} Qb6 {[%emt 0:05:23]} 27. fxe5 {[%emt 0:03:11]} a5 {[%emt 0:05:27]} 28. Nf3 {[%emt 0:01:49]} Nf5 {[%emt 0:00:43]} 29. Qe1 {[%emt 0:01:10]} d4 {[%emt 0:00:27]} 30. Qf2 {[%emt 0:04:37]} Rb8 {[%emt 0:02:47]} 31. b3 {[%emt 0:00:04]} a4 {[%emt 0:00:15]} 32. Nxd4 {[%emt 0:00:16]} axb3 {[%emt 0:00:35]} 33. cxb3 {[%emt 0:01:16]} cxb3 {[%emt 0:00:08]} 34. a4 {[%emt 0:01:16]} Rxa4 {[%emt 0:00:35]} 0-1

[Event "Fredericia IM 2019"]
[Site "Fredericia"]
[Date "2019.06.02"]
[Round "8.3"]
[White "Jacobsen, Mikkel Manosri"]
[Black "Vasli, Aref"]
[Result "1/2-1/2"]
[WhiteElo "2319"]
[BlackElo "2346"]
[Annotator "ChessBase"]
[PlyCount "82"]
[EventDate "2019.05.29"]
[EventType "tourn"]
[EventCountry "DEN"]
[SourceTitle "playchess.com"]
[Source "ChessBase"]
[SourceQuality "1"]
[TimeControl "40/5400+30:1800+30"]

1. d4 {[%emt 0:02:33]} Nf6 {[%emt 0:00:00]} 2. c4 {[%emt 0:00:04]} e6 {[%emt 0:00:00]} 3. Nf3 {[%emt 0:00:08]} c5 {[%emt 0:00:00]} 4. d5 {[%emt 0:00:04]} d6 {[%emt 0:00:16]} 5. Nc3 {[%emt 0:00:11]} exd5 {[%emt 0:00:32]} 6. cxd5 {[%emt 0:00:05]} g6 {[%emt 0:00:12]} 7. e4 {[%emt 0:00:03]} Bg7 {[%emt 0:00:16]} 8. Be2 {[%emt 0:00:03]} O-O {[%emt 0:00:21]} 9. O-O {[%emt 0:00:03]} Re8 {[%emt 0:00:06]} 10. Nd2 {[%emt 0:00:04]} a6 {[%emt 0:00:11]} 11. a4 {[%emt 0:00:04]} Nbd7 {[%emt 0:00:09]} 12. Ra3 {[%emt 0:00:09]} Rb8 {[%emt 0:01:27]} 13. Qc2 {[%emt 0:00:45]} Ne5 {[%emt 0:14:33]} 14. a5 {[%emt 0:00:07]} Bg4 {[%emt 0:20:23]} 15. f3 {[%emt 0:01:20]} Bd7 {[%emt 0:06:56]} 16. f4 {[%emt 0:01:38]} Neg4 {[%emt 0:00:40]} 17. Nc4 {[%emt 0:00:47]} Bb5 {[%emt 0:06:18]} 18. Nxb5 {[%emt 0:11:40]} axb5 {[%emt 0:00:41]} 19. Nb6 {[%emt 0:00:09]} h5 {[%emt 0:16:34]} 20. h3 {[%emt 0:01:19]} Nh6 {[%emt 0:03:37]} 21. e5 {[%emt 0:06:49]} b4 {[%emt 0:09:27]} 22. Rd3 {[%emt 0:07:54]} Nd7 {[%emt 0:01:34]} 23. Nc4 {[%emt 0:02:14]} Nf5 {[%emt 0:01:20]} 24. g4 {[%emt 0:05:19]} Nd4 {[%emt 0:00:57]} 25. Rxd4 {[%emt 0:00:18]} cxd4 {[%emt 0:00:15]} 26. Nxd6 {[%emt 0:00:14]} Qh4 {[%emt 0:01:00]} 27. Bb5 {[%emt 0:05:23]} Red8 {[%emt 0:08:49]} 28. Qg2 {[%emt 0:02:23]} Nc5 {[%emt 0:01:42]} 29. g5 {[%emt 0:02:02]} Nb3 {[%emt 0:01:56]} 30. Qf3 {[%emt 0:02:50]} Nxc1 {[%emt 0:01:07]} 31. Rxc1 {[%emt 0:00:02]} Bxe5 {[%emt 0:01:35]} 32. fxe5 {[%emt 0:05:33]} Qxg5+ {[%emt 0:00:11]} 33. Kf2 {[%emt 0:00:29]} Qd2+ {[%emt 0:02:12]} 34. Be2 {[%emt 0:01:08]} Rxd6 {[%emt 0:00:34]} 35. Rd1 {[%emt 0:01:10]} Qe3+ {[%emt 0:00:32]} 36. Qxe3 {[%emt 0:00:02]} dxe3+ {[%emt 0:00:06]} 37. Kxe3 {[%emt 0:00:09]} Re8 {[%emt 0:00:34]} 38. Kd4 {[%emt 0:01:00]} Rdd8 {[%emt 0:00:00]} 39. Bc4 {[%emt 0:02:47]} f6 {[%emt 0:01:30]} 40. exf6 {[%emt 0:13:31]} Rd6 {[%emt 0:00:56]} 41. Rf1 {[%emt 0:30:51]} Kf7 {[%emt 0:09:09] Ke4} 1/2-1/2

[Event "Fredericia IM 2019"]
[Site "Fredericia"]
[Date "2019.06.02"]
[Round "8.4"]
[White "Fries-Nielsen, Niels Jorgen"]
[Black "Antonsen, Mikkel"]
[Result "1/2-1/2"]
[WhiteElo "2328"]
[BlackElo "2423"]
[Annotator "ChessBase"]
[PlyCount "45"]
[EventDate "2019.05.29"]
[EventType "tourn"]
[EventCountry "DEN"]
[SourceTitle "playchess.com"]
[Source "ChessBase"]
[SourceQuality "1"]
[TimeControl "40/5400+30:1800+30"]

1. Nf3 {[%emt 0:00:00]} d5 {[%emt 0:00:00]} 2. d4 {[%emt 0:00:23]} Nf6 {[%emt 0:00:00]} 3. c3 {[%emt 0:00:13]} g6 {[%emt 0:00:18]} 4. h3 {[%emt 0:01:07]} Bg7 {[%emt 0:00:04]} 5. Bf4 {[%emt 0:00:17]} O-O {[%emt 0:00:06]} 6. Nbd2 {[%emt 0:00:31]} b6 {[%emt 0:01:12]} 7. e3 {[%emt 0:00:25]} c5 {[%emt 0:00:08]} 8. Be2 {[%emt 0:00:46]} Ba6 {[%emt 0:00:07]} 9. O-O {[%emt 0:00:50]} Bxe2 {[%emt 0:00:04]} 10. Qxe2 {[%emt 0:00:02]} Qc8 {[%emt 0:00:29]} 11. Rfe1 {[%emt 0:01:31]} Qa6 {[%emt 0:00:22]} 12. Qxa6 {[%emt 0:00:38]} Nxa6 {[%emt 0:00:03]} 13. Be5 {[%emt 0:00:55]} Nb8 {[%emt 0:00:53]} 14. e4 {[%emt 0:02:59]} dxe4 {[%emt 0:05:58]} 15. Nxe4 {[%emt 0:02:27]} Nxe4 {[%emt 0:00:52]} 16. Bxg7 {[%emt 0:02:32]} Kxg7 {[%emt 0:00:07]} 17. Rxe4 {[%emt 0:00:03]} cxd4 {[%emt 0:00:09]} 18. Rxd4 {[%emt 0:02:26]} Nc6 {[%emt 0:00:48]} 19. Rc4 {[%emt 0:02:35]} Na5 {[%emt 0:00:14]} 20. Rd4 {[%emt 0:00:01]} Nc6 {[%emt 0:00:03]} 21. Rc4 {[%emt 0:00:05]} Na5 {[%emt 0:00:01]} 22. Rd4 {[%emt 0:00:02]} Nc6 {[%emt 0:00:09]} 23. Rc4 {[%emt 0:00:02]} 1/2-1/2

[Event "Fredericia IM 2019"]
[Site "Fredericia"]
[Date "2019.06.02"]
[Round "8.5"]
[White "Pedersen, Nicolai Kvist Brondt"]
[Black "Olsen, Filip Boe"]
[Result "0-1"]
[WhiteElo "2325"]
[BlackElo "2394"]
[Annotator "ChessBase"]
[PlyCount "106"]
[EventDate "2019.05.29"]
[EventType "tourn"]
[EventCountry "DEN"]
[SourceTitle "playchess.com"]
[Source "ChessBase"]
[SourceQuality "1"]
[TimeControl "40/5400+30:1800+30"]

1. d4 {[%emt 0:00:59]} Nf6 {[%emt 0:01:49]} 2. Nf3 {[%emt 0:00:04]} e6 {[%emt 0:00:59]} 3. c4 {[%emt 0:00:08]} d5 {[%emt 0:00:14]} 4. g3 {[%emt 0:00:02]} Bb4+ {[%emt 0:00:17]} 5. Bd2 {[%emt 0:00:01]} Be7 {[%emt 0:00:14]} 6. Bg2 {[%emt 0:00:04]} O-O {[%emt 0:00:16]} 7. O-O {[%emt 0:00:05]} Nbd7 {[%emt 0:00:06]} 8. Qc2 {[%emt 0:00:08]} c6 {[%emt 0:01:31]} 9. Bf4 {[%emt 0:03:01]} b6 {[%emt 0:00:56]} 10. cxd5 {[%emt 0:01:04]} cxd5 {[%emt 0:04:57]} 11. Rc1 {[%emt 0:00:47]} Bb7 {[%emt 0:04:19]} 12. Nc3 {[%emt 0:03:56]} Nh5 {[%emt 0:04:52]} 13. Bd2 {[%emt 0:11:07]} Nhf6 {[%emt 0:05:33]} 14. Bf4 {[%emt 0:00:19]} Nh5 {[%emt 0:00:50]} 15. Bd2 {[%emt 0:00:07]} a6 {[%emt 0:04:15]} 16. Ne5 {[%emt 0:04:21]} Nhf6 {[%emt 0:01:08]} 17. Nd3 {[%emt 0:01:28]} Rc8 {[%emt 0:02:41]} 18. Qb3 {[%emt 0:11:11]} Ne8 {[%emt 0:06:42]} 19. Nd1 {[%emt 0:07:22]} Rxc1 {[%emt 0:07:14]} 20. Rxc1 {[%emt 0:03:18]} Nd6 {[%emt 0:04:45]} 21. Bb4 {[%emt 0:02:13]} a5 {[%emt 0:08:22]} 22. Bxd6 {[%emt 0:00:52]} Bxd6 {[%emt 0:00:01]} 23. Nc3 {[%emt 0:00:30]} h5 {[%emt 0:05:15]} 24. h4 {[%emt 0:03:18]} g5 {[%emt 0:02:49]} 25. Nb5 {[%emt 0:13:01]} Bb8 {[%emt 0:00:58]} 26. hxg5 {[%emt 0:02:20]} Qxg5 {[%emt 0:00:19]} 27. Nf4 {[%emt 0:01:03]} h4 {[%emt 0:09:15]} 28. Rc3 {[%emt 0:02:38]} Bxf4 {[%emt 0:02:56]} 29. gxf4 {[%emt 0:00:06]} Qxf4 {[%emt 0:00:11]} 30. Qc2 {[%emt 0:10:28]} Kh8 {[%emt 0:04:14]} 31. Rf3 {[%emt 0:01:55]} Qg4 {[%emt 0:02:57]} 32. Nd6 {[%emt 0:06:20]} Ba6 {[%emt 0:05:16]} 33. Qd2 {[%emt 0:03:45]} Qh5 {[%emt 0:03:12]} 34. Qf4 {[%emt 0:06:05]} Bxe2 {[%emt 0:01:34]} 35. Rh3 {[%emt 0:00:59]} Bg4 {[%emt 0:01:05]} 36. Rh2 {[%emt 0:01:04]} f5 {[%emt 0:02:29]} 37. f3 {[%emt 0:00:39]} Rg8 {[%emt 0:00:34]} 38. fxg4 {[%emt 0:00:33]} Rxg4 {[%emt 0:00:19]} 39. Qe3 {[%emt 0:01:09]} Qg6 {[%emt 0:02:05]} 40. Qf2 {[%emt 0:00:46]} Qf6 {[%emt 0:01:57]} 41. Kh1 {[%emt 0:09:32]} Qxd4 {[%emt 0:05:10]} 42. Qe1 {[%emt 0:01:32]} Qf4 {[%emt 0:04:11]} 43. Bxd5 {[%emt 0:05:07]} Qxd6 {[%emt 0:10:11]} 44. Bf3 {[%emt 0:02:05]} Qg3 {[%emt 0:08:58]} 45. Qc3+ {[%emt 0:02:47]} Rg7 {[%emt 0:00:35]} 46. Rg2 {[%emt 0:01:57]} Qe5 {[%emt 0:00:18]} 47. Qd2 {[%emt 0:01:29]} Rxg2 {[%emt 0:00:48]} 48. Qh6+ {[%emt 0:00:12]} Kg8 {[%emt 0:00:06]} 49. Bxg2 {[%emt 0:00:04]} Qe1+ {[%emt 0:00:48]} 50. Kh2 {[%emt 0:00:02]} Qg3+ {[%emt 0:00:18]} 51. Kh1 {[%emt 0:00:27]} Nf8 {[%emt 0:00:12]} 52. Qh5 {[%emt 0:01:41]} Ng6 {[%emt 0:00:20]} 53. Qe2 {[%emt 0:01:04]} Nf4 {[%emt 0:00:12]} 0-1